Una comunitat de germans

Gespeichert in:
Bibliographische Detailangaben
1. Verfasser: Bueno Heras, Carmelo Pérez Landáburu, Encarnación Pérez Urroz, Alejandro
Format: keine Angabe
Sprache:Spanisch
Katalanisch
Erschienen: Madrid San Pío X 1994
Katalog:MANES:  Suchergebnis im Bibliothekskatalog
Schulbuchspezifische Eigenschaften:
Tags: Tag hinzufügen
Keine Tags, Fügen Sie den ersten Tag hinzu!
Hinzugefügt zu:26.04.2016

MARC

LEADER 000000000a22000000004500
001 02619
003 OSt
008 160427s sp ||||| |||| 00| 0 spa d
040 |c centro_manes 
041 1 |a cat  |a spa 
691 7 |a PRI 
100 1 |a Bueno Heras, Carmelo  |9 97  |a Pérez Landáburu, Encarnación  |9 98  |a Pérez Urroz, Alejandro  |9 99 
245 0 0 |a Una comunitat de germans 
260 3 |a Madrid  |b San Pío X  |c 1994 
300 |a 142 p.  |c 26x19 cm 
500 |a Fecha de publicación tomada del Depósito Legal 
690 7 |a RyM 
942 |2 ddc  |c BK 
546 |a España 
999 |c 8593  |d 8593 
999 |c manes:8593  |d 8593